Statystyki dla Polska na MŚ 2007 U-20

Kliknij tutaj aby rozwiązać quiz!

Ogólne statystyki

  • Ten quiz został rozwiązany 48 razy
  • Średni wynik to 5 z 22

Statystyki odpowiedzi

HintOdpowiedź% Poprawnych
16Girondins BordeauxGrzegorz Krychowiak
89%
21Arsenal LondynWojciech Szczęsny
89%
11Legia WarszawaDawid Janczyk
72%
4Real MadrytKrzysztof Król
43%
1SouthamptonBartosz Białkowski
38%
3Bolton WanderasJarosław Fojut
28%
9Wisła KrakówPatryk Małecki
26%
TrenerMichał Globisz
21%
20Wigan AthleticTomasz Cywka
21%
2Sheffield UnitedBen Starosta
19%
12Górnik ŁęcznaPrzemysław Tytoń
17%
5ŁKS ŁomżaKrzysztof Strugarek
13%
10Ruch ChorzówŁukasz Janoszka
13%
6Górnik ZabrzeAdam Danch
11%
8GKS BełchatówArtur Marciniak
9%
15Victoria KoronowoMaciej Dąbrowski
6%
7Zagłębie SosnowiecAdrian Marek
4%
13Borussia MonchenglabdachDamian Rączka
4%
14KP PoliceJakub Szałek
4%
18Podbeskidzie Bielsko BiałaMariusz Sacha
4%
19Zdrój CiechocinekPaweł Adamiec
4%
17LKS BaluczJakub Feter
2%

Rozkład punktacji

Percentyl według liczby udzielonych odpowiedzi

Procent ludzi z każdym wynikiem

Twoja historia wyników

Nie rozwiązałeś tego quizu